| 000 | 00500nam a2200169 i 4500 | ||
|---|---|---|---|
| 001 | 84496 | ||
| 003 | ES-MaACL | ||
| 005 | 20230906175026.0 | ||
| 007 | t| | ||
| 008 | 041123s1912 fr ||||1| fre d | ||
| 100 | 1 |
_aJoergensen, Johannes. _966703 |
|
| 245 | 1 | 3 |
_aLe livre de la Route / _cJohannes Joergensen ; traduit du danois par Teodor Wyzewa. |
| 260 |
_aEvreux : _bCh. Herissey, _c1912. |
||
| 300 |
_aXXII, 248 p. ; _c20 cm. |
||
| 700 | 1 |
_aWyzewa, Teodor de. _9117484 |
|
| 852 |
_aES-MaACL _jD-604 |
||
| 999 |
_c84496 _d84496 |
||